Tennis: women who won exactly four slams in Open Era - Statistics

General Stats
  • This quiz has been taken 49 times
    23 since last reset
  • The average score is 3 of 5
Answer Stats
Title years Answer % Correct
2023, 2024, 2024, & 2025 Aryna Sabalenka
100%
2018, 2019, 2020, & 2021 Naomi Osaka
80%
2005, 2009, 2010, & 2011 Kim Clijsters
65%
1980, 1981, 1985, & 1987 Hana Mandlikova
50%
1989, 1994, 1994, & 1998 Arantxa Sanchez Vicario
45%
No matching quizzes found
Score Distribution
Percent of People with Each Score
Percentile by Number Answered
Your Score History
You have not taken this quiz since the last reset